Endemic mammals by country Quiz Stats

 Plays Quiz not verified by Sporcle

Support Sporcle.
Go Orange.
Score 0/22 Timer 06:00
0 Plays Today
Species or Subspecies Country % Correct
Giant PandaChina
91.3%
PlatypusAustralia
89%
Pygmy TarsierIndonesia
73.7%
Ring-tailed LemurMadagascar
69.7%
Island FoxUnited States
69.1%
Maned SlothBrazil
66.5%
VaquitaMexico
63%
Snow SheepRussia
60.7%
OkapiDemocratic Republic of the Congo
60.7%
Maritime ShrewCanada
58.4%
Pink Fairy ArmadilloArgentina
58.1%
Species or Subspecies Country % Correct
Gelada BaboonEthiopia
57.5%
Long-tailed ChinchillaChile
57.2%
Lowlands Tree-kangarooPapua New Guinea
55.2%
Sombre BatIndia
54.9%
Blotched GenetSouth Africa
53.5%
Bwindi Forest GorillaUganda
52.9%
Bavarian Pine VoleAustria
51.2%
TamarawPhilippines
49.1%
Broom HareSpain
47.7%
Kri-kriGreece
43.6%
Farasan Island GazelleSaudi Arabia
40.8%

You're not logged in!

Compare scores with friends on all Sporcle quizzes.
OR
Log In

From the Vault

Billy Joel Albums

by Ben

When not divorcing Christie Brinkley or touring with Elton John, Billy has squeezed out a few albums as well.
Remove Ads.
Support Sporcle.
Get the best of Sporcle when you Go Orange. This ad-free experience offers more features, more stats, and more fun while also helping to support Sporcle. Thank you for becoming a member.

Show Comments

Extras

Created Mar 10, 2011SourceReportNominate
Tags:Country Quiz, mammal

Top Quizzes Today


Score Distribution

Your Account Isn't Verified!

In order to create a playlist on Sporcle, you need to verify the email address you used during registration. Go to your Sporcle Settings to finish the process.

Report this User

Report this user for behavior that violates our Community Guidelines.

Details: